Economic Factors in the Making of Pakistan 1921-1947. (Record no. 351909)

000 -LEADER
fixed length control field 00565nam a22001937a 4500
003 - CONTROL NUMBER IDENTIFIER
control field OSt
005 - DATE AND TIME OF LATEST TRANSACTION
control field 20180116183058.0
008 - FIXED-LENGTH DATA ELEMENTS--GENERAL INFORMATION
fixed length control field 161026b xxu||||| |||| 00| 0 eng d
020 ## - INTERNATIONAL STANDARD BOOK NUMBER
International Standard Book Number 0195795881
040 ## - CATALOGING SOURCE
Transcribing agency 0
082 ## - DEWEY DECIMAL CLASSIFICATION NUMBER
Classification number 954.030882971 TAL 2000
100 ## - MAIN ENTRY--PERSONAL NAME
Personal name Talha,Naureen
245 ## - TITLE STATEMENT
Title Economic Factors in the Making of Pakistan 1921-1947.
Statement of responsibility, etc. Naureen Talha
260 ## - PUBLICATION, DISTRIBUTION, ETC.
Place of publication, distribution, etc. Karachi
Name of publisher, distributor, etc. ameena saiyid, Oxford University press
Date of publication, distribution, etc. 2000.
300 ## - PHYSICAL DESCRIPTION
Extent 220p.
Other physical details PB.
440 ## - SERIES STATEMENT/ADDED ENTRY--TITLE
Title Economic Factors in the Making of Pakistan 1921-1947
500 ## - GENERAL NOTE
General note PB.
942 ## - ADDED ENTRY ELEMENTS (KOHA)
Source of classification or shelving scheme
Koha item type Book
Holdings
Withdrawn status Lost status Source of classification or shelving scheme Damaged status Not for loan Collection code Permanent Location Current Location Shelving location Date acquired Total Checkouts Full call number Barcode Date last seen Date last checked out Price effective from Koha item type
            Central Library (CL) Central Library (CL) General Stacks 10/26/2016 1 954.030882971 TAL 2000 NBSD-2914 11/23/2017 08/29/2017 10/26/2016 Book
© 2023 Central Library, National University of Sciences and Technology. All Rights Reserved.